[Event "CAN-ch U12"]
[Site "Kitchener"]
[Date "2006.07.11"]
[Round "4"]
[White "Parker, Dylan"]
[Black "Klymenko, Matthew"]
[Result "1-0"]
[WhiteElo "1351"]
[BlackElo "1152"]
[PlyCount "67"]
[EventDate "2006.07.10"]
[EventType "swiss"]
[EventRounds "7"]
[EventCountry "CAN"]
[SourceTitle "CBM 113 Extra"]
[Source "ChessBase"]
[SourceDate "2006.09.14"]
[SourceVersion "1"]
[SourceVersionDate "2006.09.14"]
[SourceQuality "1"]

1. e4 c5 2. Nc3 Nc6 3. g3 Nf6 4. d3 b6 5. Bg2 Bb7 6. Bg5 h6 7. Be3 e5 8. Qd2 Bd6 9. 0-0-0 0-0 10. f4 exf4 11. gxf4 Ng4 12. Bf3 Nxe3 13. Qxe3 Nb4 14. a3 Qf6 15. e5 Qe6 16. Bxb7 Rab8 17. Be4 Bc7 18. axb4 cxb4 19. Bd5 Qe7 20. Nb5 Rbc8 21. Ne2 Bb8 22. Rhg1 Qc5 23. Qxc5 Rxc5 24. Bc4 d5 25. exd6 a6 26. Nbd4 b5 27. Bb3 Bxd6 28. Rg6 Be7 29. Rdg1 a5 30. Rxg7+ Kh8 31. Bxf7 Rcc8 32. Nf5 Bc5 33. R1g6 h5 34. Rh6# 1-0